| 000 | 01039nam a2200289 a 4500 | ||
|---|---|---|---|
| 001 | 28732 | ||
| 003 | BD-RjUL | ||
| 005 | 20211209051324.0 | ||
| 008 | 771207s1977 ir 000 0 eng | ||
| 035 | _a(BD-RjUL)28814 | ||
| 040 |
_aDLC _cDLC _dDLC _dBD-RjUL _beng |
||
| 041 | 1 | _aengper | |
| 082 | 0 | 0 |
_a909.09821 _223 _bLAW 1977 |
| 100 | 1 |
_aLari, Sayid Mujtaba Rukni Musawi _9224354 |
|
| 245 | 1 | 0 |
_aWestern civilisation through Muslim eyes / _cby Sayid Mujtaba Rukni Musawi Lari ; translated [from the Persian] by F. J. Goulding. |
| 260 |
_aQum, Iran : _bAnsarian Publication, _c[1977] |
||
| 300 |
_axii, 146 p. ; _c23 cm. |
||
| 500 | _aTranslation of Sīmā-yi tamaddun-i Gharb. | ||
| 650 | 0 |
_aIslam _xApologetic works. _9224355 |
|
| 650 | 0 |
_aIslam _xEssence, genius, nature. _9224356 |
|
| 650 | 0 |
_aCivilization, Modern _y20th century. _9224357 |
|
| 650 | 0 |
_aCivilization, Western. _9224358 |
|
| 700 |
_aGoulding, F. J. , tr. _9224434 |
||
| 942 |
_2ddc _cRAR |
||
| 999 |
_c28732 _d28732 |
||